| 000 | 00339nam a22001217a 4500 | ||
|---|---|---|---|
| 999 |
_c2033 _d2033 |
||
| 005 | 20200908123418.0 | ||
| 008 | 200908b ||||| |||| 00| 0 eng d | ||
| 020 | _a18396 | ||
| 040 | _cCML | ||
| 245 |
_aMan and Space. _cClarke, C. |
||
| 260 |
_aUSA _bTime-Life International _c1965 |
||
| 942 |
_2ddc _cBK _e1st Edition _h520 _mCLA |
||